000 00895cam a2200289 4500
008 090401t1997 xxu||||| |||| 00| 0 eng d
020 _a1899769714
035 _a(Sirsi) u78702
041 _aeng
050 _a333.332
_c18
100 _aRichards, Tim
245 _aIs it worth the risk
_bthe impact of environmental risk on property investment valuation
260 _aReading
_bCollege of Estate Management
_c1997
300 _axviii, 104p.
_c30cm.
350 _a35
490 _aCollege of Estate Management Research Report
_v1997/1
650 _aCONTAMINATED LAND
650 _aENVIRONMENTAL RISK ASSESSMENT
650 _aENVIRONMENTAL RISK
650 _aPROPERTY INVESTMENT VALUATION
650 _aPROPERTY INVESTMENT
650 _aVALUATION METHODS
690 _aRATING AND VALUATION
710 _aCollege of Estate Management
_9400
942 _n0
948 _c03/06/1997
999 _c96470
_d96470